| 000 | 01476nam a2200277 i 4500 | ||
|---|---|---|---|
| 001 | 154107 | ||
| 003 | ES-MaACL | ||
| 005 | 20250709063218.0 | ||
| 008 | 931025s1757 sp a |||| | spa d | ||
| 100 | 1 |
_aFlórez, Enrique, _d1702-1773 _9142679 |
|
| 245 | 1 | 0 |
_aMedallas de las colonias, municipios y pueblos antiguos de España _b: colección de las que se hallan en diversos autores y de otras nunca publicadas, con explicación y dibujo de cada una / _cpor el R.P.M. Fr. Henrique Florez, del Orden de S. Agustin... |
| 260 |
_aEn Madrid : _ben la oficina de Antonio Marin, _c1757. |
||
| 300 |
_a[16], 408 p., XXIII h. de grab., [1] h. de grab. pleg. : _bil. ; _c4º. |
||
| 530 | _aDisponible en formato digital. | ||
| 597 | _aSign.: ¶-2¶\p4\s, A-Z\p4\s, 2A-2Z\p4\s, 3A-3E\p4\s. | ||
| 597 | _aPort. a dos tintas. | ||
| 599 | _aGrab. calc. en port.: "Prieto" y en p. 1: "A\pa\s Velazquez delin. M\pl\sa Salvador Carmona sculp. 1757" | ||
| 599 | _aLa h. de grab. pleg. calc. entre p. 120-121, mapa de los pueblos que batieron las medallas de España. | ||
| 599 | _aLas XXIII h. de grab. calc. representan monedas. | ||
| 650 | 4 |
_aNumismática- _zEspaña. _9140095 |
|
| 700 | 1 |
_aMarín, Antonio, _dfl. 1726-1784 _9129682 |
|
| 752 |
_aEspaña - _dMadrid |
||
| 852 |
_aES-MaACL _jR-203-205 _z- Enc. pasta _d- _x Olim: A-1016-18 |
||
| 856 |
_uhttp://bdh-rd.bne.es/viewer.vm?id=0000045921&page=1 _zBiblioteca Digital Hispánica |
||
| 999 |
_c154107 _d154107 |
||